المختصر من فقه الحج و العمرة / (Record no. 136467)

MARC details
000 -الفاتح
عناصر البيانات ثابتة الطول 00629cam a2200181 i 4500
005 - تاريخ ووقت آخر معاملة
حقل ضبط 20251210095800.0
008 - عناصر البيانات ثابتة الطول
عناصر البيانات ثابتة الطول 250721s2015 le gr 000 0 ara d
082 14 - رقم تصنيف ديوي العشري
رقم التصنيف 216.25
رقم المادة ه ا د
100 1# - مدخل رئيسي – اسم شخصي
الاسم الشخصي هادي، وليد بن
علاقة الشخص بالعمل/ دوره مؤلف.
245 10 - بيان العنوان
العنوان المختصر من فقه الحج و العمرة /
بيان المسؤولية بقلم الدكتور وليد بن هادي.
264 31 - بيانات النشر، التوزيع…إلخ
مكان النشر، التوزيع...إلخ بيروت :
اسم الناشر، الموزع...إلخ دار الصالحية للنشر والتوزيع،
تاريخ النشر، التوزيع...إلخ 2015.
300 ## - الوصف المادي
عدد الوحدات المكونة للوعاء 184صفحه.
650 17 - مدخل إضافي بالموضوع - مصطلح موضوعي
مصطلح موضوعي أو اسم جغرافي كعنصر مدخل الفقه الاسلامي.
650 17 - مدخل إضافي بالموضوع - مصطلح موضوعي
مصطلح موضوعي أو اسم جغرافي كعنصر مدخل الحج.
650 17 - مدخل إضافي بالموضوع - مصطلح موضوعي
مصطلح موضوعي أو اسم جغرافي كعنصر مدخل العمرة.
942 ## - بيانات إضافية (كوها)
نوع التنصيف Dewey Decimal Classification
نوع المادة (كوها) Books
Holdings
حالة السحب حالة الفقدان مصدر التصنيف حالة التلف غير قابل للإعارة المكتبة الرئيسية المكتبة الحالية موقع الرف تاريخ التزويد الرقم المتسلسل Total Checkouts رقم الإستدعاء الباركود تاريخ آخر ظهور تاريخ الفاتورة نوع المادة (كوها)
    Dewey Decimal Classification     المكتبة المركزية المكتبة المركزية الإعارة 28/07/2025 1663124   216.25 / ه ا د PLD00405831 28/07/2025 28/07/2025 Books
    Dewey Decimal Classification     مكتبة الجويدة مكتبة الجويدة الإعارة 18/10/2017 1663125   216.25/هاد PLD00407459 28/07/2025 18/10/2017 Books
    Dewey Decimal Classification     مكتبة حمزة العامة مكتبة حمزة العامة الإعارة 18/10/2017 1663127   216.25/هاد PLD00407462 28/07/2025 18/10/2017 Books
Implemented & Customized by: BBB with SCIT (Smart Chains for Information Technology)

Powered by Koha